Romans de George Orwell - Statistiques

Statistiques générales
  • Ce quiz a été pris 35 fois
  • Le résultat moyen est 3 sur 9
Statistiques - réponses
Hint Réponse % Correct
1949Dénonciation des régimes totalitaires 1984
97%
1945Sur la futilité des révolutions (animales ici) La Ferme des animaux
94%
1938Témoignage de la guerre d'Espagne Hommage à la Catalogne
35%
1933Découverte de la pauvreté La Vache enragée
24%
1937Le sort des ouvriers Le Quai de Wigan
12%
1939 Peur de l'avenir (guerre) Un peu d'air frais
12%
1935 Témoignage colonial en Asie Une histoire birmane
9%
1936 Satyre de la vie bourgeoise Et vive l'Aspidistra !
6%
1935 Critique de la religion Une fille de pasteur
3%
Aucun quiz correspondant
Distribution des résultats
% des personnes avec chaque résultat
Percentile par nombre de réponses
Votre historique - résultats
Vous n’avez pas pris ce quiz